| 000 | 00593nam a2200205Ia 4500 | ||
|---|---|---|---|
| 003 | GCL | ||
| 008 | 140319s9999 xx 000 0 ara d | ||
| 040 |
_aGCL / _cGCL |
||
| 082 | 0 | 4 |
_aد _b050 _bا ا |
| 100 | 1 | _aالاتحاد العام للادباء العرب | |
| 245 | 1 | 0 |
_aالادباء العرب (1971 - 1972) 4 مج / _cالاتحاد العام للادباء العرب |
| 300 | _aمتعدد | ||
| 490 |
_aماذا اعرف _v0 |
||
| 650 | 0 | 4 | _aمصر |
| 650 | 0 | 4 | _aالادب |
| 650 | 0 | 4 | _aدوريات |
| 650 | 0 | 4 | _aسياسة |
| 650 | 0 | 4 | _aالفنون |
| 942 |
_2ddc _cCF |
||
| 999 |
_c27089 _d27089 |
||